<?xml version="1.0" encoding="UTF-8"?>
<record
    xmlns:xsi="http://www.w3.org/2001/XMLSchema-instance"
    xsi:schemaLocation="http://www.loc.gov/MARC21/slim http://www.loc.gov/standards/marcxml/schema/MARC21slim.xsd"
    xmlns="http://www.loc.gov/MARC21/slim">

  <leader>01617nam a22001577a 4500</leader>
  <controlfield tag="008">160215b        xxu||||| |||| 00| 0 eng d</controlfield>
  <datafield tag="020" ind1=" " ind2=" ">
    <subfield code="a">9780323031592</subfield>
  </datafield>
  <datafield tag="050" ind1=" " ind2=" ">
    <subfield code="a">RT 41.C654</subfield>
  </datafield>
  <datafield tag="100" ind1=" " ind2=" ">
    <subfield code="a">Castaldi,Patricia A </subfield>
  </datafield>
  <datafield tag="245" ind1=" " ind2=" ">
    <subfield code="a">Skill performance checklist to accompany clinical nursing skills and techniques ./</subfield>
    <subfield code="c">Patricia A.Castaldi.-</subfield>
  </datafield>
  <datafield tag="250" ind1=" " ind2=" ">
    <subfield code="a">6th ed.</subfield>
  </datafield>
  <datafield tag="260" ind1=" " ind2=" ">
    <subfield code="a">Philadelphia.:</subfield>
    <subfield code="b">Mosby,</subfield>
    <subfield code="c">2005.</subfield>
  </datafield>
  <datafield tag="300" ind1=" " ind2=" ">
    <subfield code="a">x, 517 p.:</subfield>
    <subfield code="c">25 cm.</subfield>
  </datafield>
  <datafield tag="505" ind1=" " ind2=" ">
    <subfield code="a">Contents : Admitting,transfer,and discharge -- Communication -- Reporting and recording -- Safety -- Disaster preparedness -- Comfort -- End of life care/palliative care -- Medical asepsis -- Sterile technique -- Body mechanics,transfer,and positioning -- Exercise and ambulation -- Orthopedic measure s -- Support surface and special beds -- Personal hygiene and  bed making -- Pressure ulcer care -- Care of eye and ear prostheses -- Vital signs -- Health history and physical examination -- Preparing for medication administration -- Oral and topical medications -- Parenteral medication -- Oxygen therapy -- Performing chest physiotherapy -- Airway management -- Closed chest drainage systems -- Emergency measures for life support -- Intravenous therapy -- Blood transfusion -- Oral nutrition -- Enteral nutrition -- Perenteral nutrition -- Urinary elimination -- Bowell elimination and gastric intubation -- Ostomy care -- Preoperative and postoperative care -- Wound care and irrigations --- Dressing -- Binders and bandages -- Hot and cold therapy -- Home care  safety -- Home care teaching --Specimen collection -- Diagnostic procedures.  </subfield>
  </datafield>
  <datafield tag="942" ind1=" " ind2=" ">
    <subfield code="2">lcc</subfield>
    <subfield code="c">BK</subfield>
  </datafield>
  <datafield tag="999" ind1=" " ind2=" ">
    <subfield code="c">5878</subfield>
    <subfield code="d">13378</subfield>
  </datafield>
  <datafield tag="952" ind1=" " ind2=" ">
    <subfield code="0">0</subfield>
    <subfield code="1">0</subfield>
    <subfield code="2">lcc</subfield>
    <subfield code="4">0</subfield>
    <subfield code="7">0</subfield>
    <subfield code="8">NFIC</subfield>
    <subfield code="a">WIUC-1</subfield>
    <subfield code="b">WIUC-1</subfield>
    <subfield code="c">NURS L.</subfield>
    <subfield code="d">2016-02-15</subfield>
    <subfield code="l">0</subfield>
    <subfield code="o">RT 41.C654</subfield>
    <subfield code="p">NURS/009/15</subfield>
    <subfield code="r">2016-02-15 00:00:00</subfield>
    <subfield code="t">1</subfield>
    <subfield code="w">2016-02-15</subfield>
    <subfield code="y">BK</subfield>
  </datafield>
</record>
